Statistics for DC Animated Movie Quiz

Click here to take the quiz!

General Stats

  • This quiz has been taken 67 times
    (47 since last reset)
  • The average score is 27 of 63

Answer Stats

Year of ReleaseMovie% Correct
2010Superman / Batman: Apocalypse
87%
2009Superman / Batman: Public Enemies
87%
2017Justice League Dark
80%
2009Wonder Woman
80%
2016Justice League vs Teen Titans
70%
1993Batman: Mask of the Phantasm
67%
2015Batman vs Robin
63%
2014Justice League: War
63%
2018Suicide Squad: Hell to Pay
63%
2017Teen Titans: The Judas Contract
63%
2013Justice League: The Flashpoint Paradox
60%
2014Son of Batman
60%
2018The Death of Superman
60%
2014Batman: Assault on Arkham
57%
2011Green Lantern: Emerald Knights
53%
2009Green Lantern: First Flight
53%
2020Justice League Dark: Apokolips War
53%
2012Justice League: Doom
53%
2015Justice League: Throne of Atlantis
53%
2019Batman: Hush
50%
2019Wonder Woman: Bloodlines
50%
2016Batman: Bad Blood
47%
2000Batman Beyond: Return of the Joker
47%
2021Batman: The Long Halloween pt. 1
47%
2021Batman: The Long Halloween pt. 2
47%
2010Batman: Under the Red Hood
47%
2019Reign of the Supermen
47%
2016Batman: The Killing Joke
43%
2020Superman: Man of Tomorrow
43%
2010Justice League: Crisis on Two Earths
40%
2012Superman vs The Elite
40%
2017Batman and Harley Quinn
37%
2003Batman: Mystery of the Batwoman
37%
2021Injustice
37%
2019Justice League vs the Fatal Five
37%
2020Superman: Red Son
37%
2013Superman: Unbound
37%
2018Teen Titans Go! To the Movies
37%
2012The Dark Knight Returns Part 1
37%
2013The Dark Knight Returns Part 2
37%
2011All-Star Superman
33%
1998Batman & Mr. Freeze: SubZero
33%
2011Batman: Year One
33%
2015Justice League: Gods and Monsters
33%
2006Teen Titans: Trouble in Tokyo
33%
2018Batman: Gotham by Gaslight
30%
2008Batman: Gotham Knight
30%
2008Justice League: The New Frontier
30%
2021Justice Society: World War II
30%
2007Superman: Doomsday
30%
2019Teen Titans Go! vs Teen Titans
30%
2005The Batman vs. Dracula
30%
2021Batman: Soul of the Dragon
23%
2016Batman Unlimited: Mechs vs. Mutants
23%
2006Superman: Brainiac Attacks
23%
2018Batman Ninja
20%
2016Batman: Return of the Caped Crusaders
20%
2015Batman Unlimited: Monster Mayhem
20%
2017Batman vs. Two-Face
20%
2014JLA Adventures: Trapped in Time
20%
2018Scooby-Doo! & Batman: The Brave and the Bold
20%
2015Batman Unlimited: Animal Instincts
17%
2019Batman vs Teenage Mutant Ninja Turtles
17%

Score Distribution

Percentile by Number Answered

Percent of People with Each Score

Your Score History

You have not taken this quiz since the last reset